[Event "Rio de Janeiro op"]
[Site "Rio de Janeiro"]
[Date "2022.04.23"]
[Round "4"]
[White "Hubner, Jessica Trindade"]
[Black "Fernandes, Pedro Alves"]
[Result "1-0"]
[WhiteElo "1725"]
[BlackElo "1188"]
[PlyCount "91"]
[EventDate "2022.04.21"]
[EventType "swiss"]
[EventRounds "6"]
[EventCountry "BRA"]
[SourceTitle "EXT 2023"]
[Source "ChessBase"]
[SourceDate "2022.10.05"]
[SourceVersion "1"]
[SourceVersionDate "2022.10.05"]
[SourceQuality "1"]

1. e4 e5 2. Nf3 Nf6 3. Nc3 Bc5 4. d4 exd4 5. Nxd4 Nc6 6. Nxc6 bxc6 7. Bd3 d6 8. 0-0 Ng4 9. h3 Nf6 10. Bg5 Be6 11. Qe2 Qd7 12. Rfd1 Bxh3 13. gxh3 Qxh3 14. Qf1 Qg3+ 15. Qg2 Qe5 16. Kf1 h6 17. f4 Qe6 18. Bh4 Ng4 19. Ke2 Ne3 20. Qxg7 Kd7 21. f5 Nxf5 22. Qf6 Nd4+ 23. Kd2 Raf8 24. Rh1 d5 25. Rae1 Qxf6 26. Bxf6 Rhg8 27. Bxd4 Bxd4 28. Rxh6 Be5 29. Kd1 d4 30. Ne2 Bg7 31. Rh7 Bf6 32. Rf1 Ke7 33. Rh5 Rg2 34. Rhf5 Bg5 35. Nxd4 Kd6 36. Ne2 f6 37. e5+ Ke7 38. exf6+ Rxf6 39. Rxf6 Bxf6 40. Kc1 a5 41. a3 Rg8 42. c3 Rf8 43. Kc2 c5 44. Nf4 Kd6 45. Ng6 Rf7 46. Bc4 1-0

[Event "Rio de Janeiro op"]
[Site "Rio de Janeiro"]
[Date "2022.04.22"]
[Round "3"]
[White "Fernandes, Pedro Alves"]
[Black "Costa, Harry Andriolo"]
[Result "0-1"]
[WhiteElo "1188"]
[BlackElo "1847"]
[PlyCount "77"]
[EventDate "2022.04.21"]
[EventType "swiss"]
[EventRounds "6"]
[EventCountry "BRA"]
[SourceTitle "CBM 207 Extra"]
[Source "ChessBase"]
[SourceDate "2022.05.31"]
[SourceVersion "1"]
[SourceVersionDate "2022.05.31"]
[SourceQuality "1"]

1. e4 c5 2. f4 Nc6 3. Nf3 d6 4. Bb5 Bd7 5. 0-0 g6 6. c3 Qb6 7. Bc4 Bg7 8. Ng5 Nh6 9. Kh1 0-0 10. d3 Na5 11. f5 Nxc4 12. dxc4 gxf5 13. Nd2 fxe4 14. Ndxe4 Qa6 15. b3 b5 16. Qd3 bxc4 17. bxc4 Bf5 18. Rxf5 Nxf5 19. Nxh7 Rfd8 20. Qh3 Qxc4 21. Qxf5 d5 22. Nef6+ exf6 23. Nxf6+ Bxf6 24. Qxf6 Rd6 25. Qf3 Re8 26. Bd2 Re2 27. Rf1 d4 28. Qg3+ Rg6 29. Bg5 Re5 30. Rb1 Rexg5 31. Qf4 Qxa2 32. Rb8+ Kg7 33. g3 Qd5+ 34. Kg1 Qe5 35. Qxe5+ Rxe5 36. Rb7 Ra6 37. cxd4 Re2 38. Kf1 Rxh2 39. Rb1 0-1